| 000 | 00571nam a2200217Ia 4500 | ||
|---|---|---|---|
| 005 | 20240313102959.0 | ||
| 008 | 131103s9999 xx 000 0 und d | ||
| 040 | _aLoreto College | ||
| 041 | _aEnglish | ||
| 082 |
_a371.95 _bWAR |
||
| 100 | _aWard,Virgil S. | ||
| 245 |
_aEducating the Gifted, _b _cVirgil S.Ward |
||
| 250 | _aan axiomatic approach | ||
| 260 |
_aColumbus _bChartes E.Merrill _c1961 |
||
| 300 | _axvi,240 p. | ||
| 504 | _aIncludes bibliography | ||
| 650 | _aSpecial Education | ||
| 651 | _aGifted Student | ||
| 850 | _aLCLIB | ||
| 942 | _cBK | ||
| 999 |
_c10429 _d60908 |
||